| 000 | 00587nam a2200253Ia 4500 | ||
|---|---|---|---|
| 008 | 160803s9999 xx 000 0 und d | ||
| 020 | _a 978-0590554084 | ||
| 100 | _aPierce, Tamora | ||
| 245 | _aSandry's book / | ||
| 245 | _cTamora Pierce. | ||
| 260 | _aNew York : | ||
| 260 | _bScholastic Inc. | ||
| 260 | _c1998 | ||
| 300 | _a252 pages : | ||
| 300 | _bmaps ; | ||
| 300 | _c18 cm. | ||
| 440 | _aCircle of magic ; | ||
| 440 | _vbk. 1. | ||
| 650 | _aFriendship -- | ||
| 650 | _aMagic -- | ||
| 650 | _xFiction. | ||
| 650 | _xJuvenile fiction. | ||
| 700 | _a730 | ||
| 999 |
_c298600 _d298600 |
||